| 000 | 00526pam a2200181 a 4500 | ||
|---|---|---|---|
| 020 | _a0070129541 (alk. paper) | ||
| 040 | _cDLC | ||
| 082 | 0 | 0 | _a909 HIL 1999 A087 Or. |
| 245 | 0 | 4 | _aThe western experience / |
| 250 | _a7th ed. | ||
| 260 |
_aBoston : _bMcGraw-Hill College, _cc1999. |
||
| 300 |
_a1 v. (various pagings) : _bill. (some col.), col. maps ; _c27 cm. |
||
| 500 | _aColor maps of Europe on endpapers. | ||
| 650 | 0 | _aCivilization | |
| 650 | 0 | _aCivilization, Western | |
| 700 | 1 | _aChambers, Mortimer. | |
| 942 | _cEK | ||
| 999 |
_c17045 _d17045 |
||